000
00319nam a2200133Ia 4500
005
20260328104244.0
008
260328s9999||||xx |||||||||||||| ||und||
100
_a
Escala
245
0
_a
Formación del Arquitecto Posmodernidad /
_c
Escala
260
_b
Escala
300
_a
42 p.
650
_a
EDAD MODERNA
942
_c
BK
999
_c
10013
_d
10013